CAD/CAM Theory and Concepts (Record no. 5725)
[ view plain ]
| 000 -LEADER | |
|---|---|
| fixed length control field | 00333nam a2200133Ia 4500 |
| 008 - FIXED-LENGTH DATA ELEMENTS--GENERAL INFORMATION | |
| fixed length control field | 191201s2011 xx 000 0 und d |
| 082 ## - DEWEY DECIMAL CLASSIFICATION NUMBER | |
| Classification number | 004.21 |
| Item number | SAC |
| 100 ## - MAIN ENTRY--PERSONAL NAME | |
| Personal name | SAREEN,Kuldeep |
| 245 #0 - TITLE STATEMENT | |
| Title | CAD/CAM Theory and Concepts |
| 260 ## - PUBLICATION, DISTRIBUTION, ETC. (IMPRINT) | |
| Place of publication, distribution, etc | N. Delhi |
| Name of publisher, distributor, etc | S Chand and Co. Ltd. |
| Date of publication, distribution, etc | 2011 |
| 300 ## - PHYSICAL DESCRIPTION | |
| Extent | 453 |
| 650 ## - SUBJECT ADDED ENTRY--TOPICAL TERM | |
| Topical term or geographic name as entry element | B.Tech(ME) |
| 942 ## - ADDED ENTRY ELEMENTS (KOHA) | |
| Source of classification or shelving scheme | Dewey Decimal Classification |
| Koha item type | Text Books |
| Withdrawn status | Lost status | Source of classification or shelving scheme | Damaged status | Not for loan | Collection code | Home library | Current library | Date acquired | Source of acquisition | Cost, normal purchase price | Bill Number | Total Checkouts | Full call number | Acc. no. / Barcode | Date last seen | Bill Date | Koha item type | Date last borrowed | Actual Cost, discounted price |
|---|---|---|---|---|---|---|---|---|---|---|---|---|---|---|---|---|---|---|---|
| Dewey Decimal Classification | B.Tech(ME) | PIET C-LIBRARY | PIET C-LIBRARY | 17/05/2013 | IBH, New Delhi | 275.00 | 1511 | 004.21 SAC | 22452 | 04/12/2019 | 15/05/2013 | Text Books | |||||||
| Dewey Decimal Classification | B.Tech(ME) | PIET C-LIBRARY | PIET C-LIBRARY | 17/05/2013 | IBH, New Delhi | 275.00 | 1511 | 2 | 004.21 SAC | 22453 | 08/01/2025 | 15/05/2013 | Text Books | 03/01/2025 | |||||
| Dewey Decimal Classification | B.Tech(ME) | PIET C-LIBRARY | PIET C-LIBRARY | 17/05/2013 | IBH, New Delhi | 275.00 | 1511 | 004.21 SAC | 22454 | 04/12/2019 | 15/05/2013 | Text Books | |||||||
| Dewey Decimal Classification | B.Tech(ME) | PIET C-LIBRARY | PIET C-LIBRARY | 17/05/2013 | IBH, New Delhi | 275.00 | 1511 | 1 | 004.21 SAC | 22455 | 09/10/2020 | 15/05/2013 | Text Books | 05/03/2020 | |||||
| Dewey Decimal Classification | B.Tech(ME) | PIET C-LIBRARY | PIET C-LIBRARY | 17/05/2013 | IBH, New Delhi | 275.00 | 1511 | 1 | 004.21 SAC | 22456 | 01/11/2022 | 15/05/2013 | Text Books | 11/10/2022 | |||||
| Dewey Decimal Classification | B.Tech(ME) | PIET C-LIBRARY | PIET C-LIBRARY | 20/01/2015 | KIRTI PRAKASHAN, NEW DELHI | 425.00 | IN2083 | 004.21 SAC | 25104 | 04/12/2019 | 12/01/2015 | Text Books | 327.25 |